| 000 | 00780ntaaa2200229 4500 | ||
|---|---|---|---|
| 003 | 01 | ||
| 005 | 20251027202120.0 | ||
| 008 | 0714s1973 ag 01 | ||
| 040 |
_aAR-BaBN _bspa _cAR-BaBN _eaacr _dRIC |
||
| 082 | _a261.8 Es1i | ||
| 100 |
_aEscobar, Samuel _91057 |
||
| 245 |
_aIrrupción juvenil / _cSamuel Escobar |
||
| 250 | _a1 ed. | ||
| 260 |
_aMiami-Florida : _bCaribe, _c1977 |
||
| 300 |
_a96 p ; _c20,5 cm |
||
| 500 | _aEstudio sobre la población juvenil de América Latina.Con algunas sugerencias para canalizar las energías hacia la construcción de un mañana mejor.Contiene notas, referencias bibliográficas y bibliografía. | ||
| 650 |
_aJUVENTUD _92500 |
||
| 650 | _aIGLESIA | ||
| 650 | _aAMERICA LATINA | ||
| 650 |
_aMOVIMIENTO JUVENIL _919643 |
||
| 942 | _cBK | ||
| 999 |
_c16053 _d16053 |
||